000 00350nam a2200109Ia 4500
008 171211s9999 xx 000 0 und d
245 _aColloquial Romanian: The Complete Course for Beginners, 4 edition
245 _cDennis Deletant and Ramona Gönczöl
260 _c2011
650 _xCULTURE
856 _uhttp://down.ebook777.com/063/0415549515.pdf
999 _c347783
_d347783